Economia industrial, Viladomiu Nou : colònia tèxtil / Ricard Frigola ; Enric Llarch colònia tèxtil / Ricard Frigola ; Enric Llarch
Publicado:
Barcelona :
Editorial Graó, de Serveis Pedagògics : Servei d' Ensenyament de la Diputació de Barcelona ,
1987
Descripción Física:
64 p. : il. ; 19'5 x 21 cm
Colección:
Biblioteca de la Classe ; 19
Otros Autores:
Llarch, Enric
MARC
| LEADER | 00000nam a2200000Ia 4500 | ||
|---|---|---|---|
| 001 | 6115 | ||
| 008 | 160829s1987 xx 000 0 cat d | ||
| 080 | |a C-1-584 | ||
| 100 | |a Rigola, Ricard |9 34838 | ||
| 245 | |a Economia industrial, Viladomiu Nou : |b colònia tèxtil / Ricard Frigola ; Enric Llarch | ||
| 260 | |a Barcelona : |b Editorial Graó, de Serveis Pedagògics : |b Servei d' Ensenyament de la Diputació de Barcelona, |c 1987 | ||
| 300 | |a 64 p. : |b il. ; |c 19'5 x 21 cm | ||
| 490 | |a Biblioteca de la Classe ; 19 | ||
| 650 | |a Indústria tèxtil |x Catalunya |x Ensenyament |9 34839 | ||
| 650 | |a Economia industrial |x Ensenyament |9 34840 | ||
| 650 | |a Colònies industrials |x Catalunya |x S. XIX |9 34841 | ||
| 700 | |a Llarch, Enric |9 34842 | ||
| 710 | 1 | |a Barcelona (Catalunya : Província). |b Servei d'Ensenyament |9 54959 | |
| 901 | |a Arxiu | ||
| 942 | |n 1 | ||
| 952 | |0 0 |1 0 |4 0 |6 C1584 |7 1 |9 46659 |a Arxiu |b Arxiu |d 2016-12-01 |l 0 |o C-1-584 |p 6115 |r 2016-12-01 00:00:00 |w 2016-12-01 |y ARXIU | ||
| 999 | |c 50452 |d 50452 | ||